Statistics for Singapore Thomson-East Coast Line (TEL) MRT Stations

Click here to take the quiz!

General Stats

  • This quiz has been taken 77 times
    (43 since last reset)
  • The average score is 17 of 20

Answers on the Map

Answers color-coded by a green-red scale on the quiz's map according to % correct below.
 

Answer Stats

Answer% Correct
Woodlands
100%
Woodlands North
100%
Woodlands South
100%
Lentor
95%
Marina Bay
95%
Stevens
91%
Mayflower
86%
Orchard
86%
Outram Park
86%
Springleaf
86%
Bright Hill
82%
Gardens by the Bay
82%
Orchard Boulevard
82%
Upper Thomson
82%
Caldecott
77%
Napier
73%
Great World
68%
Havelock
64%
Maxwell
64%
Shenton Way
64%

Score Distribution

Percentile by Number Answered

Percent of People with Each Score

Your Score History

You have not taken this quiz since the last reset